Cómo elaborar un proyecto: guía para diseñar proyectos sociales y culturales

Na minha lista:
Detalhes bibliográficos
Main Authors: Ander-Egg, Ezequiel (autor), Aguilar Idáñez, María José (Author)
Formato: Livro
Idioma:espanhol
Publicado em: Buenos Aires Lumen 1996
Edição:13a. ed
Colecção:Colección Política, Servicios y Trabajo Social
Assuntos:
Tags: Adicionar Tag
Sem tags, seja o primeiro a adicionar uma tag!

MARC

LEADER 00000nam a2200000 a 4500
001 UCO7088
003 CL-VaPUC
008 001110e19960000AG |||||||||||||||||spa|d
020 |a 9507244166 
082 0 4 |a 361.25  |b AND  |2 21 
100 |a Ander-Egg, Ezequiel  |e autor  |9 563263 
700 0 |a Aguilar Idáñez, María José  |e author  |9 451750 
245 1 0 |a Cómo elaborar un proyecto: guía para diseñar proyectos sociales y culturales 
250 |a 13a. ed 
300 |a 127 p 
942 |c BK 
945 |d 20001110 00:00:00  |a vberengu 
260 |a Buenos Aires  |b Lumen  |c 1996 
650 7 |a ELABORACION DE PROYECTOS  |2 CL-VaPUC  |9 263839 
650 0 |a Evaluación de proyectos   |9 259341 
650 0 |a Métodos de investigación   |9 262618 
650 0 |a Ciencias sociales   |9 256351 
583 |a last modification  |c 20121104 08:50:40  |k Rodrigo Vera 
490 0 |a Colección Política, Servicios y Trabajo Social 
999 |c 292296  |d 292294